Discrete Mathematical Structures (Record no. 3733)
[ view plain ]
| 000 -LEADER | |
|---|---|
| fixed length control field | 00332nam a2200145Ia 4500 |
| 008 - FIXED-LENGTH DATA ELEMENTS--GENERAL INFORMATION | |
| fixed length control field | 191201s2008 xx 000 0 und d |
| 082 ## - DEWEY DECIMAL CLASSIFICATION NUMBER | |
| Classification number | 510 |
| Item number | KOD |
| 100 ## - MAIN ENTRY--PERSONAL NAME | |
| Personal name | KOLMAN, Bernard |
| 245 #0 - TITLE STATEMENT | |
| Title | Discrete Mathematical Structures |
| 250 ## - EDITION STATEMENT | |
| Edition statement | Rep. |
| 260 ## - PUBLICATION, DISTRIBUTION, ETC. (IMPRINT) | |
| Place of publication, distribution, etc | N.Delhi |
| Name of publisher, distributor, etc | PHI |
| Date of publication, distribution, etc | 2008 |
| 300 ## - PHYSICAL DESCRIPTION | |
| Extent | 522 |
| 650 ## - SUBJECT ADDED ENTRY--TOPICAL TERM | |
| Topical term or geographic name as entry element | MCA |
| 942 ## - ADDED ENTRY ELEMENTS (KOHA) | |
| Source of classification or shelving scheme | Dewey Decimal Classification |
| Koha item type | Text Books |
| Withdrawn status | Lost status | Source of classification or shelving scheme | Damaged status | Not for loan | Collection code | Home library | Current library | Date acquired | Source of acquisition | Cost, normal purchase price | Bill Number | Total Checkouts | Full call number | Acc. no. / Barcode | Date last seen | Bill Date | Koha item type | Date last borrowed |
|---|---|---|---|---|---|---|---|---|---|---|---|---|---|---|---|---|---|---|
| Dewey Decimal Classification | MCA | PIET C-LIBRARY | PIET C-LIBRARY | 24/02/2009 | J B C, New Delhi | 375.00 | SI-4904 | 510 KOD | 10966 | 04/12/2019 | 27/12/2008 | Text Books | ||||||
| Dewey Decimal Classification | Computer Science & Engineering in Cyber Security | PIET C-LIBRARY | PIET C-LIBRARY | 24/02/2009 | J B C, New Delhi | 375.00 | SI-4904 | 1 | 510 KOD | 10967 | 22/02/2024 | 27/12/2008 | Text Books | 15/02/2024 | ||||
| Dewey Decimal Classification | Computer Science & Engineering in Cyber Security | PIET C-LIBRARY | PIET C-LIBRARY | 24/02/2009 | J B C, New Delhi | 375.00 | SI-4904 | 2 | 510 KOD | 10968 | 04/06/2024 | 27/12/2008 | Text Books | 21/05/2024 | ||||
| Dewey Decimal Classification | Computer Science & Engineering in Cyber Security | PIET C-LIBRARY | PIET C-LIBRARY | 24/02/2009 | J B C, New Delhi | 375.00 | SI-4904 | 510 KOD | 10969 | 04/12/2019 | 27/12/2008 | Text Books | ||||||
| Dewey Decimal Classification | Computer Science & Engineering in Cyber Security | PIET C-LIBRARY | PIET C-LIBRARY | 24/02/2009 | J B C, New Delhi | 375.00 | SI-4904 | 510 KOD | 10970 | 04/12/2019 | 27/12/2008 | Text Books |